Statistics for Federalist Papers by author

Click here to take the quiz!

General Stats

  • This quiz has been taken 19 times
  • The average score is 51 of 85

Answer Stats

FP#Author% Correct
1Alexander Hamilton
100%
6Alexander Hamilton
80%
8Alexander Hamilton
80%
11Alexander Hamilton
80%
2John Jay
80%
7Alexander Hamilton
73%
9Alexander Hamilton
73%
13Alexander Hamilton
73%
10James Madison
73%
3John Jay
73%
4John Jay
73%
5John Jay
73%
31Alexander Hamilton
67%
28Alexander Hamilton
67%
29Alexander Hamilton
67%
30Alexander Hamilton
67%
36Alexander Hamilton
67%
32Alexander Hamilton
67%
33Alexander Hamilton
67%
34Alexander Hamilton
67%
35Alexander Hamilton
67%
26Alexander Hamilton
67%
27Alexander Hamilton
67%
21Alexander Hamilton
67%
25Alexander Hamilton
67%
24Alexander Hamilton
67%
23Alexander Hamilton
67%
16Alexander Hamilton
67%
12Alexander Hamilton
67%
14James Madison
67%
22Alexander Hamilton
60%
59Alexander Hamilton
60%
61Alexander Hamilton
60%
70Alexander Hamilton
60%
17Alexander Hamilton
60%
15Alexander Hamilton
60%
50James Madison
60%
49James Madison
60%
47James Madison
60%
45James Madison
60%
43James Madison
60%
41James Madison
60%
39James Madison
60%
18James Madison
60%
37James Madison
60%
19James Madison
60%
20James Madison
60%
85Alexander Hamilton
53%
73Alexander Hamilton
53%
67Alexander Hamilton
53%
66Alexander Hamilton
53%
65Alexander Hamilton
53%
71Alexander Hamilton
53%
60Alexander Hamilton
53%
72Alexander Hamilton
53%
75Alexander Hamilton
53%
74Alexander Hamilton
53%
69Alexander Hamilton
53%
76Alexander Hamilton
53%
77Alexander Hamilton
53%
78Alexander Hamilton
53%
79Alexander Hamilton
53%
80Alexander Hamilton
53%
81Alexander Hamilton
53%
82Alexander Hamilton
53%
83Alexander Hamilton
53%
84Alexander Hamilton
53%
68Alexander Hamilton
53%
42James Madison
53%
58James Madison
53%
56James Madison
53%
54James Madison
53%
52James Madison
53%
38James Madison
53%
48James Madison
53%
46James Madison
53%
40James Madison
53%
44James Madison
53%
64John Jay
53%
63James Madison
47%
62James Madison
47%
57James Madison
47%
55James Madison
47%
53James Madison
47%
51James Madison
47%

Score Distribution

Percentile by Number Answered

Percent of People with Each Score

Your Score History

You have not taken this quiz